| 000 | 00000nam 2200000za 4500 |
| 001 | 9.843730 |
| 003 | CaOODSP |
| 005 | 20221107152605 |
| 007 | cr ||||||||||| |
| 008 | 171110q1986 xxcbd |o f|0| 0 eng d |
| 040 | |aCaOODSP|beng |
| 043 | |an-cn-bc |
| 086 | 1 |aNH15-663/1986E-PDF |
| 245 | 00|aVancouver Homesharers Society |h[electronic resource] : |bevaluation of a housing service : final report / |cMacLaren Plansearch, Patricia Baldwin Planning Consultants, Lavalin. |
| 260 | |a[Ottawa : |bCanada Mortgage and Housing Corporation, |c1986] |
| 300 | |a1 v. (various pagings) : |bcharts, maps. |
| 500 | |aDigitized edition from print produced 2015 [for Canada Mortgage and Housing Corporation]. |
| 504 | |aIncludes bibliographic references. |
| 520 | |a"The purpose of the research study is to independantly evaluate the viability of the "Vancouver Homesharers Society" as a new housing service specifically geared to needs of senior citizens in the City of Vancouver..."--Introd. |
| 692 | 07|2gccst|aSeniors |
| 692 | 07|2gccst|aHousing |
| 710 | 2 |aCanada Mortgage and Housing Corporation.|bExternal Research Program. |
| 710 | 2 |aMacLaren Plansearch (Firm) |
| 710 | 2 |aPatricia Baldwin Planning Consultants. |
| 710 | 2 |aLavalin inc. |
| 710 | 2 |aCanada Mortgage and Housing Corporation. |
| 856 | 40|qPDF|s1.63 MB|uhttps://publications.gc.ca/collections/collection_2017/schl-cmhc/nh15/NH15-663-1986-eng.pdf |